CREATIVE ENTERPRISE MANAGING INNOVATIVE (Record no. 22585)
[ view plain ]
| 000 -LEADER | |
|---|---|
| fixed length control field | 00362nam a2200145Ia 4500 |
| 008 - FIXED-LENGTH DATA ELEMENTS--GENERAL INFORMATION | |
| fixed length control field | 240624s9999 xx 000 0 und d |
| 041 ## - LANGUAGE CODE | |
| Language code of text/sound track or separate title | eng |
| 082 ## - DEWEY DECIMAL CLASSIFICATION NUMBER | |
| Classification number | 658.4063 DAV |
| 100 ## - MAIN ENTRY--PERSONAL NAME | |
| Personal name | DAVILA TONY |
| 245 ## - TITLE STATEMENT | |
| Title | CREATIVE ENTERPRISE MANAGING INNOVATIVE |
| 260 ## - PUBLICATION, DISTRIBUTION, ETC. | |
| Date of publication, distribution, etc. | 2007 |
| Place of publication, distribution, etc. | London |
| Name of publisher, distributor, etc. | Praeger |
| 300 ## - PHYSICAL DESCRIPTION | |
| Extent | xiii, : 202 : p. : cm. ; 23 |
| 365 ## - TRADE PRICE | |
| Currency code | |
| Price amount | 28 |
| 440 ## - SERIES STATEMENT/ADDED ENTRY--TITLE | |
| Volume/sequential designation | 3 |
| Withdrawn status | Lost status | Damaged status | Not for loan | Home library | Current library | Shelving location | Date acquired | Source of acquisition | Cost, normal purchase price | Full call number | Barcode | Date last seen | Copy number | Price effective from | Koha item type |
|---|---|---|---|---|---|---|---|---|---|---|---|---|---|---|---|
| IMTN | IMTN | Rack 31-A | 03/24/2014 | RW | 300.00 | 658.4063 DAV | 22585 | 06/24/2024 | 65.6 | 06/24/2024 | Books |